| 000 | 00525nam a2200145 a 4500 | ||
|---|---|---|---|
| 008 | 120416s1958 ||||||||||||||||| || u | ||
| 050 | _aBS 2675 Mor | ||
| 100 | _aMorris, Canon Leon, Rev | ||
| 245 | 1 | 4 | _aThe first epistle of Paul to the Corinthians |
| 246 | _aan introduction and commentary | ||
| 260 |
_aLondon _bThe Tyndale Press _c1958 |
||
| 300 | _a249p. | ||
| 350 | _a0.00 | ||
| 995 |
_D0.00 _FCBU-MAIN LIBRARY (Kitwe) _H1 _I4.75 _UDAMAGED _ZMain Library Open Access Collection |
||
| 999 |
_c43559 _d43559 |
||